[Event "DEM U10/U10w 2007"]
[Site "Willingen GER"]
[Date "2007.05.27"]
[Round "2"]
[White "Herbst, Timothy"]
[Black "Scheel, Henrik"]
[Result "0-1"]
[Termination "normal"]
[Board "25"]
[WhiteElo "1002"]
[BlackElo "1478"]
[PlyCount "60"]
[WhiteFideId "12900346"]
[BlackFideId "24692115"]
[EventCountry "GER"]
[EventRounds "11"]
[EventType "swiss"]
[EventDate "2007.05.26"]

1. c4 e5 2. Nc3 Nf6 3. Nf3 Nc6 4. g3 d6 5. Bg2 Be6 6. d3 Be7 7. O-O O-O 8. Be3
Re8 9. Qb3 Rb8 10. Nd5 a5 11. a3 h6 12. Qb5 Bd7 13. Qb3 Ng4 14. Bd2 Nf6 15. Be3
Kh8 16. Nd2 Ng4 17. Ne4 Nxe3 18. fxe3 f5 19. Nd2 Bg5 20. h4 Bf6 21. Rf2 f4 22.
exf4 exf4 23. Nxf4 Bd4 24. Ng6+ Kg8 25. c5+ Be6 26. Bd5 Bxf2+ 27. Kxf2 Qf6+ 28.
Nf4 Bxd5 29. Qxd5+ Qf7 30. Qf3 Nd4 0-1

[Event "DEM U10/U10w 2007"]
[Site "Willingen GER"]
[Date "2007.05.27"]
[Round "2"]
[White "Mainik, Philipp"]
[Black "Borrink, Guido"]
[Result "0-1"]
[Termination "normal"]
[Board "26"]
[WhiteElo "1451"]
[BlackElo "1009"]
[PlyCount "66"]
[WhiteFideId "4638646"]
[BlackFideId "1270502"]
[EventCountry "GER"]
[EventRounds "11"]
[EventType "swiss"]
[EventDate "2007.05.26"]

1. e4 e6 2. d4 d5 3. Nc3 Bb4 4. e5 c5 5. Nf3 Nc6 6. a3 Bxc3+ 7. bxc3 Nge7 8.
Be2 c4 9. Bd2 Bd7 10. O-O Qc7 11. Re1 O-O-O 12. Rb1 Rdg8 13. Ng5 Be8 14. Bg4
Qd7 15. Qf3 Rf8 16. Rb2 h5 17. Bxh5 f6 18. Bxe8 Qxe8 19. Nxe6 Rf7 20. Reb1 b6
21. Qg4 Qd7 22. f3 f5 23. Nxg7 fxg4 24. e6 Qd6 25. exf7 Qxh2+ 26. Kf2 gxf3 27.
Kxf3 Rf8 28. Bf4 Rxf7 29. g3 Ng6 30. Ne8 Kd7 31. Re1 Nxf4 32. gxf4 Qxf4+ 33.
Ke2 Re7+ 0-1

[Event "DEM U10/U10w 2007"]
[Site "Willingen GER"]
[Date "2007.05.27"]
[Round "2"]
[White "Hümmecke, Aaron"]
[Black "Weber, Sandra"]
[Result "1-0"]
[Termination "normal"]
[Board "27"]
[WhiteElo "1441"]
[BlackElo "988"]
[PlyCount "41"]
[WhiteFideId "24692522"]
[BlackFideId "1270049"]
[EventCountry "GER"]
[EventRounds "11"]
[EventType "swiss"]
[EventDate "2007.05.26"]

1. e4 d5 2. exd5 Qxd5 3. Nc3 Qa5 4. d4 c6 5. Bd2 Qc7 6. Bc4 Nf6 7. Nf3 Bg4 8.
Bxf7+ Kd8 9. Qe2 Qd6 10. h3 Bxf3 11. Qxf3 Qxd4 12. O-O-O g6 13. Bg5 Qxd1+ 14.
Rxd1+ Nfd7 15. Be6 h6 16. Bxd7 Nxd7 17. Qd3 Kc7 18. Qxd7+ Kb6 19. Qd4+ Kc7 20.
Bf4+ Kc8 21. Qd7# 1-0

[Event "DEM U10/U10w 2007"]
[Site "Willingen GER"]
[Date "2007.05.27"]
[Round "2"]
[White "Berkov, Mikhail"]
[Black "Nobis, Anna"]
[Result "0-1"]
[Termination "normal"]
[Board "28"]
[WhiteElo "1250"]
[BlackElo "969"]
[PlyCount "30"]
[WhiteFideId "24678783"]
[BlackFideId "1270302"]
[EventCountry "GER"]
[EventRounds "11"]
[EventType "swiss"]
[EventDate "2007.05.26"]

1. e4 c5 2. Nf3 Nc6 3. d4 cxd4 4. Nxd4 Nf6 5. Nc3 d6 6. Bc4 Qa5 7. O-O Qb4 8.
Bb5 g6 9. Nxc6 bxc6 10. Bxc6+ Bd7 11. Bxa8 Bg7 12. a3 Qc5 13. Be3 Qe5 14. Bxa7
Ng4 15. Bc6 Qxh2# 0-1

[Event "DEM U10/U10w 2007"]
[Site "Willingen GER"]
[Date "2007.05.27"]
[Round "2"]
[White "Sawlin, Leonid"]
[Black "Lagunov, Rafael"]
[Result "1-0"]
[Termination "normal"]
[Board "29"]
[WhiteElo "1225"]
[BlackElo "936"]
[PlyCount "84"]
[WhiteFideId "4689542"]
[BlackFideId "24652644"]
[EventCountry "GER"]
[EventRounds "11"]
[EventType "swiss"]
[EventDate "2007.05.26"]

1. d4 Nf6 2. c4 e6 3. Nc3 Bb4 4. Bg5 h6 5. Bxf6 Qxf6 6. e3 b6 7. Qf3 Qxf3 8.
Nxf3 Bb7 9. Be2 d5 10. O-O Nd7 11. cxd5 exd5 12. Nb5 Bd6 13. Rac1 Rc8 14. Nxd6+
cxd6 15. Rxc8+ Bxc8 16. Rc1 O-O 17. Bb5 Nf6 18. Bd3 Ne4 19. Rc7 Bf5 20. Nh4 Bh7
21. f3 Nd2 22. Bxh7+ Kxh7 23. Nf5 Nc4 24. b3 g6 25. bxc4 gxf5 26. cxd5 Kg6 27.
Rxa7 Re8 28. Kf2 Rc8 29. Ra6 Rc2+ 30. Kg3 b5 31. Rxd6+ Kg7 32. Rc6 Rxa2 33. Rb6
Re2 34. Kf4 Rxg2 35. Rxb5 Rxh2 36. Kxf5 Rh5+ 37. Ke4 Rg5 38. f4 Rh5 39. Rb8 Kf6
40. Re8 Rxd5 41. Kxd5 Kf5 42. Rh8 Kg6 1-0

[Event "DEM U10/U10w 2007"]
[Site "Willingen GER"]
[Date "2007.05.27"]
[Round "2"]
[White "Hirschmann, Jakob"]
[Black "Bardosch, Karl"]
[Result "1-0"]
[Termination "normal"]
[Board "30"]
[WhiteElo "1175"]
[BlackElo "935"]
[PlyCount "73"]
[WhiteFideId "24652067"]
[BlackFideId "24696480"]
[EventCountry "GER"]
[EventRounds "11"]
[EventType "swiss"]
[EventDate "2007.05.26"]

1. e4 e5 2. Nf3 Nc6 3. Bc4 Nf6 4. Ng5 d5 5. exd5 Na5 6. Bb3 Nxb3 7. axb3 Bc5 8.
O-O O-O 9. c4 Bg4 10. Qc2 h6 11. Ne4 Bf5 12. Nxf6+ Qxf6 13. Qd1 Bd3 14. Nc3
Bxf1 15. Qxf1 Qf4 16. d4 exd4 17. Bxf4 dxc3 18. bxc3 Rae8 19. Bxc7 Re7 20. b4
Rxc7 21. bxc5 Rxc5 22. Rxa7 b5 23. cxb5 Rxc3 24. d6 Rd8 25. d7 Rb3 26. Rb7 Kf8
27. h3 Ra8 28. Qd1 Rd8 29. Rb8 Rb1 30. Qxb1 Rxb8 31. Qb4+ Kg8 32. Qe7 Rxb5 33.
d8=Q+ Kh7 34. Qd3+ g6 35. Qxf7+ Kh8 36. Qd4+ Re5 37. Qxe5# 1-0

[Event "DEM U10/U10w 2007"]
[Site "Willingen GER"]
[Date "2007.05.27"]
[Round "2"]
[White "Mehling, Katharina"]
[Black "Palm, Sören"]
[Result "0-1"]
[Termination "normal"]
[Board "31"]
[WhiteElo "899"]
[BlackElo "1152"]
[PlyCount "119"]
[WhiteFideId "12900362"]
[BlackFideId "12925853"]
[EventCountry "GER"]
[EventRounds "11"]
[EventType "swiss"]
[EventDate "2007.05.26"]

1. d4 d5 2. c4 e6 3. Nc3 Nf6 4. Nf3 Bb4 5. e3 Nc6 6. Bd2 Bxc3 7. Bxc3 O-O 8.
Bd3 dxc4 9. Bxc4 Nd5 10. e4 Nxc3 11. bxc3 Re8 12. Rb1 b6 13. Bb5 Bb7 14. d5
exd5 15. O-O dxe4 16. Nd4 Qd6 17. Nf5 Qxd1 18. Rfxd1 Red8 19. Bxc6 Bxc6 20.
Ne7+ Kf8 21. Nxc6 Rxd1+ 22. Rxd1 Ke8 23. Rd4 f5 24. Ne5 c5 25. Rd7 Kf8 26. Kf1
Re8 27. Nc6 e3 28. fxe3 Rxe3 29. Rxa7 Rxc3 30. Rb7 Rc1+ 31. Kf2 Rc2+ 32. Kf3
Rxa2 33. Rxb6 c4 34. Rb1 Kf7 35. Nb4 Ra3+ 36. Kf4 g6 37. Rc1 c3 38. Nc6 Ke6 39.
Nd4+ Kd5 40. Nb5 Ra4+ 41. Kg5 Rg4+ 42. Kf6 Rxg2 43. Nxc3+ Kd4 44. Nb5+ Kd3 45.
Rc3+ Ke4 46. Nd6+ Kf4 47. Rc4+ Kf3 48. Rh4 h5 49. Nf7 Rg4 50. Rh3+ Kg2 51. Rc3
Kxh2 52. Ng5 Rg3 53. Rc5 f4 54. Rc2+ Rg2 55. Rxg2+ Kxg2 56. Kxg6 h4 57. Kf5 f3
58. Nxf3 Kxf3 59. Kg5 h3 60. Kh4 0-1

[Event "DEM U10/U10w 2007"]
[Site "Willingen GER"]
[Date "2007.05.27"]
[Round "2"]
[White "Faden, Maximillian"]
[Black "Petermann, Tessa"]
[Result "1-0"]
[Termination "normal"]
[Board "32"]
[WhiteElo "1144"]
[BlackElo "931"]
[PlyCount "61"]
[BlackFideId "12929492"]
[EventCountry "GER"]
[EventRounds "11"]
[EventType "swiss"]
[EventDate "2007.05.26"]

1. e4 e5 2. Nf3 Nc6 3. Bc4 Nf6 4. d3 Bc5 5. Nc3 O-O 6. Bg5 h6 7. Bh4 d6 8. Nd5
Bg4 9. h3 Be6 10. Nxf6+ gxf6 11. Bxe6 fxe6 12. Nh2 Qe8 13. Qg4+ Kh7 14. f4 f5
15. exf5 exf5 16. Qe2 Qf7 17. fxe5 Rfe8 18. Nf3 Nd4 19. Qf2 Nxf3+ 20. Qxf3
Rxe5+ 21. Kd2 Re3 22. Qf4 Qe6 23. Rae1 Rg8 24. Rxe3 Bxe3+ 25. Qxe3 Rxg2+ 26.
Bf2 Qxa2 27. Qe7+ Rg7 28. Qf6 Rg2 29. Qxf5+ Kh8 30. Qf8+ Rg8 31. Qxh6# 1-0

[Event "DEM U10/U10w 2007"]
[Site "Willingen GER"]
[Date "2007.05.27"]
[Round "2"]
[White "Klich, Jana"]
[Black "Eichstaedt, Mirko"]
[Result "0-1"]
[Termination "normal"]
[Board "33"]
[WhiteElo "886"]
[BlackElo "1142"]
[PlyCount "112"]
[BlackFideId "24692310"]
[EventCountry "GER"]
[EventRounds "11"]
[EventType "swiss"]
[EventDate "2007.05.26"]

1. d4 d5 2. Nc3 Bf5 3. Bf4 Nf6 4. Nb5 Na6 5. Nf3 c6 6. Nc3 Nb4 7. e4 Nxe4 8.
Nxe4 Bxe4 9. Bd3 Nxd3+ 10. cxd3 Bxf3 11. Qxf3 Qb6 12. Be3 Qxb2 13. O-O Qb6 14.
Rab1 Qc7 15. Bf4 Qd7 16. Rfe1 e6 17. Rb3 Be7 18. Reb1 b6 19. Qg3 O-O 20. Bh6
Bf6 21. Qg4 Kh8 22. Bf4 Rfe8 23. Re1 Bxd4 24. Be3 Bxe3 25. Rxe3 Rad8 26. Rg3 f6
27. Rc3 c5 28. d4 c4 29. Rce3 Re7 30. Rh3 g5 31. Ref3 Rf8 32. g3 Qa4 33. a3
Qd1+ 34. Kg2 Qe2 35. Qh5 Qe4 36. a4 g4 37. Rh4 Qxf3+ 38. Kf1 Qd3+ 39. Kg2 Qxd4
40. Rxg4 Qe5 41. Qh6 Rg8 42. Rh4 Qg5 43. Qxg5 fxg5 44. Rd4 Rc8 45. Rd2 c3 46.
Rc2 d4 47. Kf1 d3 48. Rc1 d2 49. Rd1 c2 50. Rxd2 c1=Q+ 51. Ke2 Rc2 52. Rxc2
Qxc2+ 53. Kf3 Rf7+ 54. Kg4 Qf5+ 55. Kh5 Qh3+ 56. Kxg5 Rf5# 0-1

[Event "DEM U10/U10w 2007"]
[Site "Willingen GER"]
[Date "2007.05.27"]
[Round "2"]
[White "Rahimi, Anita"]
[Black "Buttgereit, Vincent"]
[Result "1-0"]
[Termination "normal"]
[Board "34"]
[WhiteElo "1138"]
[BlackElo "890"]
[PlyCount "47"]
[WhiteFideId "24692336"]
[EventCountry "GER"]
[EventRounds "11"]
[EventType "swiss"]
[EventDate "2007.05.26"]

1. d4 d5 2. Bf4 Nf6 3. e3 Bg4 4. Be2 Bxe2 5. Nxe2 e6 6. Nbc3 Bb4 7. a3 Bxc3+ 8.
Nxc3 Ng4 9. h3 Nf6 10. Nb5 O-O 11. Nxc7 Ne4 12. Nxa8 Nc6 13. Nc7 Qh4 14. O-O
Nxd4 15. Qxd4 Qe7 16. f3 Nf6 17. Be5 Rc8 18. Rad1 Qd8 19. e4 Qd7 20. exd5 Rxc7
21. Bxc7 exd5 22. Be5 Qe6 23. Bxf6 gxf6 24. Qxd5 1-0

[Event "DEM U10/U10w 2007"]
[Site "Willingen GER"]
[Date "2007.05.27"]
[Round "2"]
[White "Bajorski, Maria Sophie"]
[Black "Schwarz, Larissa"]
[Result "1-0"]
[Termination "normal"]
[Board "35"]
[WhiteElo "1109"]
[BlackElo "883"]
[PlyCount "115"]
[WhiteFideId "24654531"]
[BlackFideId "24699004"]
[EventCountry "GER"]
[EventRounds "11"]
[EventType "swiss"]
[EventDate "2007.05.26"]

1. e4 c5 2. c3 Nc6 3. d4 cxd4 4. cxd4 g6 5. Nf3 Bg7 6. Nc3 d6 7. Be3 Bg4 8. Bb5
e6 9. d5 exd5 10. exd5 Qd7 11. dxc6 bxc6 12. Be2 Ne7 13. Ng5 Bxe2 14. Qxe2 d5
15. Bc5 Bf6 16. Nf3 O-O 17. O-O Nf5 18. Bxf8 Kxf8 19. Rad1 Re8 20. Qc2 d4 21.
b3 a6 22. Qd2 Qa7 23. Na4 Rd8 24. Qb4+ Kg8 25. Qb6 Qxb6 26. Nxb6 Rb8 27. Nd7
Rd8 28. Nxf6+ Kg7 29. Ne4 d3 30. Nc5 Nd4 31. Nxd4 Rxd4 32. Rxd3 Rxd3 33. Nxd3
f5 34. Re1 h5 35. Nf4 h4 36. Re6 g5 37. Nh5+ Kf7 38. Rxc6 a5 39. Ra6 Ke7 40.
Rxa5 Kd6 41. Rxf5 Ke6 42. Ra5 Kf7 43. Ra6 g4 44. Kf1 h3 45. gxh3 gxh3 46. Ke2
Ke7 47. Kd3 Kf7 48. Kd4 Ke7 49. Kd5 Kf7 50. Ke5 Ke7 51. Ra7+ Kd8 52. Ke6 Kc8
53. Kd6 Kb8 54. Rg7 Kc8 55. Rh7 Kb8 56. Kc6 Ka8 57. Kb6 Kb8 58. Rh8# 1-0

[Event "DEM U10/U10w 2007"]
[Site "Willingen GER"]
[Date "2007.05.27"]
[Round "2"]
[White "Diederichs, Luise"]
[Black "Müller, Nils Samuel"]
[Result "0-1"]
[Termination "normal"]
[Board "36"]
[WhiteElo "871"]
[BlackElo "1089"]
[PlyCount "114"]
[WhiteFideId "24661597"]
[BlackFideId "24654361"]
[EventCountry "GER"]
[EventRounds "11"]
[EventType "swiss"]
[EventDate "2007.05.26"]

1. d4 Nf6 2. c4 e6 3. Nf3 b6 4. Nc3 Bb4 5. Bd2 Bb7 6. e3 O-O 7. a3 Be7 8. Bd3
c5 9. Qe2 Nc6 10. O-O Qc7 11. d5 exd5 12. cxd5 Ne5 13. e4 Nxd3 14. Qxd3 Ng4 15.
g3 Ne5 16. Nxe5 Qxe5 17. Qf3 Ba6 18. Rfe1 Qf6 19. Qf4 Qg6 20. f3 h6 21. h4 Qf6
22. e5 Qxf4 23. Bxf4 g5 24. d6 gxf4 25. dxe7 Rfe8 26. gxf4 Rxe7 27. Nd5 Rae8
28. Nxe7+ Rxe7 29. f5 Bb7 30. f4 Bf3 31. Kf2 Bg4 32. f6 Re8 33. Kg3 h5 34. b4
c4 35. Rac1 b5 36. Re4 Rd8 37. Rd4 Be6 38. Rd6 Kh7 39. Ra6 Kg6 40. a4 bxa4 41.
Rxa4 Kf5 42. Re1 Rb8 43. Rxa7 Rxb4 44. Kf3 Rb3+ 45. Re3 Rb5 46. Rc3 Rb1 47. Rc2
Rh1 48. Kg3 Ke4 49. Re2+ Kd3 50. Rea2 c3 51. Rf2 c2 52. Ra3+ Ke4 53. Rxc2 Rh3+
54. Kf2 Rxa3 55. Re2+ Kxf4 56. Kg2 Ra2 57. Rxa2 Bxa2 0-1

[Event "DEM U10/U10w 2007"]
[Site "Willingen GER"]
[Date "2007.05.27"]
[Round "2"]
[White "Stolberg, Daniel"]
[Black "Conrad, Vanessa"]
[Result "1-0"]
[Termination "normal"]
[Board "37"]
[WhiteElo "1033"]
[BlackElo "867"]
[PlyCount "121"]
[EventCountry "GER"]
[EventRounds "11"]
[EventType "swiss"]
[EventDate "2007.05.26"]

1. e4 b6 2. d4 Bb7 3. Nc3 e6 4. Nf3 Bb4 5. e5 d6 6. Bd2 f6 7. a3 Bxc3 8. Bxc3
c5 9. dxc5 bxc5 10. Qxd6 Qxd6 11. exd6 Nd7 12. Bb5 O-O-O 13. Ba5 Re8 14. O-O-O
a6 15. Ba4 Nh6 16. Rhg1 Nf5 17. Bc7 e5 18. Nd2 Nd4 19. Kb1 Nb5 20. c4 Nxc7 21.
dxc7 Kxc7 22. Nb3 Bc6 23. Bxc6 Kxc6 24. Na5+ Kc7 25. Nb7 Rb8 26. Nd6 Rb6 27.
Ne4 f5 28. Nc3 Rd6 29. Nd5+ Kc6 30. Ne7+ Kc7 31. Rxd6 Kxd6 32. Nxf5+ Ke6 33.
Nxg7+ Kf6 34. Nh5+ Kg6 35. g4 Rf8 36. Rd1 Nf6 37. Rd6 e4 38. Kc2 Kg5 39. Nxf6
Rxf6 40. h4+ Kg6 41. Rxf6+ Kxf6 42. Kd2 Ke5 43. Ke3 h6 44. b4 cxb4 45. axb4 Kd6
46. Kxe4 Kc6 47. f4 Kb6 48. f5 a5 49. bxa5+ Kxa5 50. f6 Kb4 51. f7 Kxc4 52.
f8=Q Kc3 53. Qc5+ Kd2 54. Kd4 Ke2 55. Qc3 Kf2 56. Qe3+ Kg2 57. Ke4 h5 58. Qf3+
Kh2 59. Qf2+ Kh3 60. Kf4 hxg4 61. Qg3# 1-0

[Event "DEM U10/U10w 2007"]
[Site "Willingen GER"]
[Date "2007.05.27"]
[Round "2"]
[White "Heinemann, Josefine"]
[Black "Priese, Annika"]
[Result "0-1"]
[Termination "normal"]
[Board "38"]
[WhiteElo "851"]
[BlackElo "1028"]
[PlyCount "68"]
[WhiteFideId "12900460"]
[BlackFideId "24673730"]
[EventCountry "GER"]
[EventRounds "11"]
[EventType "swiss"]
[EventDate "2007.05.26"]

1. e4 c5 2. Nf3 Nc6 3. d4 cxd4 4. Nxd4 Nf6 5. Nxc6 bxc6 6. e5 Qa5+ 7. Nc3 Qxe5+
8. Be2 e6 9. O-O Be7 10. Bd3 O-O 11. Re1 Qc7 12. Qf3 Re8 13. Bf4 Qd8 14. Re5
Bf8 15. Qg3 g6 16. Bxg6 fxg6 17. Bg5 Bg7 18. Ne4 d6 19. Nxf6+ Bxf6 20. Bxf6
Qxf6 21. Re4 d5 22. Rh4 e5 23. f4 exf4 24. Rxf4 Qe5 25. Raf1 Qe7 26. Qf2 Ba6
27. Re1 Qxe1+ 28. Qxe1 Rxe1+ 29. Kf2 Rf1+ 30. Kg3 Rxf4 31. Kxf4 Re8 32. g4 Re4+
33. Kg5 Kg7 34. h4 h6# 0-1

[Event "DEM U10/U10w 2007"]
[Site "Willingen GER"]
[Date "2007.05.27"]
[Round "2"]
[White "Gayday, Alina"]
[Black "Klesen, Jonas"]
[Result "1-0"]
[Termination "normal"]
[Board "39"]
[WhiteElo "1024"]
[BlackElo "826"]
[PlyCount "51"]
[EventCountry "GER"]
[EventRounds "11"]
[EventType "swiss"]
[EventDate "2007.05.26"]

1. e4 e5 2. Nc3 Nc6 3. Bc4 Bc5 4. Nf3 Nf6 5. O-O d6 6. h3 Be6 7. Bb3 Nd4 8. d3
h6 9. Nxd4 exd4 10. Nd5 c6 11. Nf4 d5 12. exd5 cxd5 13. Ba4+ Bd7 14. Re1+ Be7
15. Bb3 Bc6 16. Qe2 Bd7 17. Bxd5 Nxd5 18. Nxd5 Be6 19. Nf4 O-O 20. Nxe6 fxe6
21. Qxe6+ Rf7 22. Qg6 Bb4 23. Re4 Rc8 24. Bxh6 Bf8 25. Bg5 Qd5 26. Rh4 1-0

[Event "DEM U10/U10w 2007"]
[Site "Willingen GER"]
[Date "2007.05.27"]
[Round "2"]
[White "Sadjjadi, Anahita"]
[Black "Grigorian, Spartak"]
[Result "0-1"]
[Termination "normal"]
[Board "40"]
[WhiteElo "765"]
[BlackElo "1023"]
[PlyCount "60"]
[BlackFideId "24661490"]
[EventCountry "GER"]
[EventRounds "11"]
[EventType "swiss"]
[EventDate "2007.05.26"]

1. e4 c5 2. Bc4 a6 3. Qh5 e6 4. Nc3 b5 5. Be2 Nf6 6. Qf3 Bb7 7. d3 Be7 8. Qg3
O-O 9. Bh6 Ne8 10. Nf3 Bf6 11. Ng5 Bxg5 12. Bxg5 Qc8 13. Be7 Nf6 14. Bxf8 Kxf8
15. e5 Nd5 16. Bh5 Nxc3 17. Qf3 Bxf3 18. Bxf3 Nd5 19. b3 Nc6 20. c4 Ndb4 21.
Bd1 Nxd3+ 22. Kd2 bxc4 23. bxc4 Nxf2 24. Rf1 Nxd1 25. Rfxd1 Nxe5 26. Kc3 Qc6
27. Re1 Qxg2 28. Rxe5 Qf3+ 29. Kd2 Qf4+ 30. Re3 Qd4+ 0-1

[Event "DEM U10/U10w 2007"]
[Site "Willingen GER"]
[Date "2007.05.27"]
[Round "2"]
[White "Hartewig, Anja"]
[Black "Falk, Frederike"]
[Result "1-0"]
[Termination "normal"]
[Board "41"]
[WhiteElo "1017"]
[BlackElo "811"]
[PlyCount "215"]
[WhiteFideId "12917966"]
[EventCountry "GER"]
[EventRounds "11"]
[EventType "swiss"]
[EventDate "2007.05.26"]

1. e4 e5 2. Nf3 Nc6 3. Bb5 d6 4. O-O Be7 5. d4 exd4 6. Nxd4 Bd7 7. Nc3 Nf6 8.
Bf4 O-O 9. Re1 Nxd4 10. Qxd4 Bxb5 11. Nxb5 a6 12. Nc3 Qd7 13. Rad1 Rfd8 14. Nd5
Nxd5 15. Qxd5 Qe6 16. Qxe6 fxe6 17. e5 Re8 18. exd6 Bxd6 19. Bxd6 cxd6 20. Rxd6
Kf7 21. Rd7+ Re7 22. Rd3 Rae8 23. Rh3 h6 24. Rf3+ Kg8 25. Rb3 Rb8 26. Rb6 Kf7
27. c4 a5 28. c5 a4 29. c6 e5 30. f3 g6 31. Rc1 Rc7 32. Rc5 Kf6 33. Rc3 Ke6 34.
cxb7+ Kd7 35. Rd3+ Ke7 36. Rxg6 Rcxb7 37. Rg7+ Kf6 38. Rxb7 Rxb7 39. b3 a3 40.
b4 Rxb4 41. Rxa3 Rb1+ 42. Kf2 Ra1 43. Ra8 Kf5 44. a4 Ke6 45. a5 Kd6 46. a6 Kc7
47. a7 Kb7 48. Rh8 Ra6 49. a8=Q+ Rxa8 50. Rxh6 Ra5 51. Rd6 Kc7 52. Rd1 Ra2+ 53.
Kg3 Re2 54. h4 Re3 55. h5 Rc3 56. h6 Rc6 57. Rh1 Kd7 58. h7 Rc8 59. h8=Q Rxh8
60. Rxh8 Ke7 61. Rh1 Ke6 62. Re1 Kd5 63. Kg4 Kd4 64. Kf5 Kd5 65. Rxe5+ Kd4 66.
Re1 Kd3 67. Ra1 Ke2 68. Ke6 Kf2 69. Kf6 Kxg2 70. Kg5 Kxf3 71. Kh4 Kf4 72. Rf1+
Ke3 73. Kg4 Ke2 74. Rf8 Ke3 75. Rf7 Ke2 76. Kg3 Ke1 77. Kg2 Ke2 78. Re7+ Kd3
79. Kf2 Kd4 80. Kf3 Kd5 81. Kf4 Kd6 82. Re1 Kd5 83. Re2 Kd6 84. Kf5 Kd7 85. Kf6
Kd8 86. Kf7 Kd7 87. Rd2+ Kc7 88. Ke6 Kc8 89. Ke7 Kc7 90. Rc2+ Kb6 91. Kd7 Kb5
92. Kd6 Kb4 93. Kd5 Kb3 94. Rc7 Kb4 95. Rc8 Kb3 96. Kd4 Kb2 97. Kd3 Kb1 98. Kd2
Kb2 99. Rb8+ Ka3 100. Kc2 Ka4 101. Kc3 Ka5 102. Kc4 Ka6 103. Kc5 Ka7 104. Rb2
Ka6 105. Rb1 Ka7 106. Kc6 Ka8 107. Kc7 Ka7 108. Ra1# 1-0